Music Quiz

Random Music or Song Quiz

Classic Rock in Other Words Quiz Stats

 Plays Quiz Updated Jul 4, 2017

     
Support Sporcle.
Go Orange.
Score 0/20 Timer 06:00
1 Play Today
Clue Song % Correct
Survive and allow not to surviveLive and Let Die
80.8%
Chilly as frozen waterCold as Ice
78.4%
Birthed for the purpose of sprintingBorn to Run
76.7%
AlterationsChanges
72.4%
Pastry baked in the United StatesAmerican Pie
69%
Sought-after, whether deceased or notWanted Dead or Alive
67.4%
Strolling upon Earth's natural satelliteWalking on the Moon
65.6%
Large lemon-colored cabBig Yellow Taxi
64.4%
The age group to which I belongMy Generation
63.6%
Similar to a round rock going downhillLike a Rolling Stone
60.2%
Clue Song % Correct
Female who practices the Dark ArtsBlack Magic Woman
54.4%
Hunt and eliminateSearch and Destroy
53.8%
Insane, small object titled 'affection'Crazy Little Thing Called Love
53%
Hello, Vice President BidenHey Joe
47.4%
July's birthstone on the day named for the Norse god TýrRuby Tuesday
46.7%
(Have no phobia of) Death(Don't Fear) The Reaper
45%
Unhurried commuteSlow Ride
43.8%
Ditty about a person moving from one country to anotherImmigrant Song
31.3%
Every hour while it's light and every hour while it's darkAll Day and All of the Night
21.1%
Supernatural being in Earth's atmosphereSpirit in the Sky
20.2%

From the Vault

Guess the 'F' Things in 3 Words

by MSUKent

You've probably never clicked so many F-words before.
Remove Ads.
Support Sporcle.
Get the best of Sporcle when you Go Orange. This ad-free experience offers more features, more stats, and more fun while also helping to support Sporcle. Thank you for becoming a member.

Show Comments

Extras

Top Quizzes Today


Score Distribution

Your Account Isn't Verified!

In order to create a playlist on Sporcle, you need to verify the email address you used during registration. Go to your Sporcle Settings to finish the process.

Report this User

Report this user for behavior that violates our Community Guidelines.

Details: